[Event "Como Province-ch"]
[Site "Villa Guardia"]
[Date "2010.01.31"]
[Round "6"]
[White "Ronconi, Fausto"]
[Black "Napolitano, Matteo"]
[Result "1/2-1/2"]
[WhiteElo "1780"]
[BlackElo "1464"]
[PlyCount "119"]
[EventDate "2010.01.23"]
[EventType "swiss"]
[EventRounds "6"]
[EventCountry "ITA"]
[SourceTitle "EXT 2024"]
[Source "ChessBase"]
[SourceDate "2023.10.10"]
[SourceVersion "1"]
[SourceVersionDate "2023.10.10"]
[SourceQuality "1"]

1. d4 d5 2. c4 e6 3. Nc3 Nf6 4. Bg5 Bb4 5. e3 h6 6. Bh4 Nc6 7. a3 Bxc3+ 8. bxc3 Ne7 9. Bxf6 gxf6 10. cxd5 Qxd5 11. Qa4+ Nc6 12. c4 Qa5+ 13. Qxa5 Nxa5 14. Nf3 b6 15. c5 Bb7 16. Bb5+ Ke7 17. cxb6 Bxf3 18. gxf3 axb6 19. Rc1 Ra7 20. Rc3 Rd8 21. 0-0 Rd5 22. a4 c5 23. dxc5 Rxc5 24. Rxc5 bxc5 25. Rc1 Rc7 26. Rc3 Nb7 27. f4 f5 28. f3 Nd6 29. Be2 Kd7 30. a5 Kc6 31. e4 fxe4 32. fxe4 Nxe4 33. Bf3 f5 34. Re3 Kd5 35. a6 Kd4 36. Ra3 Ra7 37. Bh5 e5 38. fxe5 Kxe5 39. Ra5 Kd6 40. Bg6 Ke6 41. Kf1 Nd2+ 42. Ke2 Nb3 43. Ra3 Nd4+ 44. Kd3 Nb5 45. Ra5 Nd6 46. h4 Kd5 47. Bh5 Kc6 48. Ra1 Nb5 49. Bf3+ Kb6 50. Bb7 Nd6 51. Rb1+ Kc7 52. Rf1 Nxb7 53. axb7 Rxb7 54. Rxf5 Rb5 55. Rf7+ Kd8 56. Rf6 c4+ 57. Kxc4 Rh5 58. Rf4 Ke7 59. Kd4 Ke6 60. Ke4 1/2-1/2

[Event "Villa Guardia Coppa d'Oro 27th"]
[Site "Villa Guardia"]
[Date "2009.10.24"]
[Round "4"]
[White "Napolitano, Matteo"]
[Black "Raineri, Pieroberto"]
[Result "0-1"]
[WhiteElo "1437"]
[BlackElo "1677"]
[PlyCount "68"]
[EventDate "2009.10.09"]
[EventType "swiss"]
[EventRounds "8"]
[EventCountry "ITA"]
[SourceTitle "EXT 2024"]
[Source "ChessBase"]
[SourceDate "2023.10.10"]
[SourceVersion "1"]
[SourceVersionDate "2023.10.10"]
[SourceQuality "1"]

1. d4 Nf6 2. c4 g6 3. Nc3 Bg7 4. e4 d6 5. Nf3 0-0 6. Bd3 e5 7. d5 a5 8. h3 Na6 9. Be3 Bd7 10. Qe2 b6 11. g4 a4 12. a3 Nc5 13. Bxc5 bxc5 14. Bc2 Ra7 15. Nd2 Bh6 16. Rg1 Bf4 17. Nf3 Ne8 18. Qd3 Ng7 19. Ne2 Qf6 20. g5 Bxg5 21. Nxg5 h6 22. Qf3 Qe7 23. h4 hxg5 24. hxg5 Rb7 25. Rh1 Rfb8 26. Qh3 Nh5 27. Qh4 Kg7 28. Qh2 Rxb2 29. Rc1 Qxg5 30. Rg1 Qh6 31. Kd1 Ra2 32. Qh4 Nf6 33. Qg3 Nxe4 34. Bxe4 Qd2# 0-1